Statistics for Name a Letter A-Z

Click here to take the quiz!

General Stats

  • This quiz has been taken 36 times
  • The average score is 24 of 26

Answer Stats

Letter Answer % Correct
AA
100%
DD
100%
BB
100%
CC
96%
EE
96%
FF
96%
GG
96%
JJ
96%
SS
96%
RR
92%
YY
92%
XX
92%
WW
92%
VV
92%
UU
92%
TT
92%
NN
92%
QQ
92%
PP
92%
OO
92%
MM
92%
LL
92%
KK
92%
II
92%
HH
92%
ZZ
92%

Score Distribution

Percentile by Number Answered

Percent of People with Each Score

Your Score History

You have not taken this quiz